Départements Français nommés selon un cours d'eau - Mort subite - Statistiques

Statistiques générales
  • Ce quiz a été pris 544 fois
    522 depuis la dernière actualisation
  • Le résultat moyen est 7 sur 14
Answers on the Grid
Answers color-coded by a green-red scale on the quiz's grid according to % correct below.
Ain
Rhône
Ardèche
Charente
Cher
Creuse
Yonne
Doubs
Eure
Pas-de-Calais
Marne
Lot
Orne
Tarn
Sarthe
Yvelines
Vaucluse
Paris
Lozère
Calvados
Landes
Finistère
Jura
Côtes-d’Armor
Cantal
Morbihan
Vosges
Manche
 
Statistiques - réponses
Réponse % Correct
Rhône
68%
Eure
61%
Yonne
58%
Lot
57%
Cher
56%
Marne
56%
Tarn
56%
Doubs
48%
Orne
47%
Sarthe
47%
Charente
46%
Ain
42%
Creuse
35%
Ardèche
33%
Aucun quiz correspondant
Distribution des résultats
% des personnes avec chaque résultat
Percentile par nombre de réponses
Votre historique - résultats
Vous n’avez pas pris ce quiz depuis la dernière actualisation